So sanh hiệu quả của rau ngổ (Enhydria fluctuans lour) và rau muống (Ipomoea aquatica forts) trong việc cải thiện môi trường và sử dụng làm nguồn thức ăn cho thỏ thịt lai : Luận văn Thạc sĩ Chăn nuôi

Khảo sát khả năng sinh trưởng và cải thiện môi trường của rau Ngổ và rau Muống. So sánh khả năng tăng trưởng Thỏ thịt lai khi ăn rau Ngổ và rau Muống. Khảo sát ảnh hưởng lên dinh dưỡng tiêu hóa.

Gespeichert in:
Bibliographische Detailangaben
1. Verfasser: La, Minh Tuấn
Format: Buch
Sprache:Undetermined
Veröffentlicht: Cần Thơ Trường Đại học Cần Thơ 2010
Schlagworte:
Tags: Tag hinzufügen
Keine Tags, Fügen Sie den ersten Tag hinzu!
Thư viện lưu trữ: Trung tâm Học liệu Trường Đại học Cần Thơ
LEADER 01338nam a2200229Ia 4500
001 CTU_162848
008 210402s9999 xx 000 0 und d
082 |a 636.932 
082 |b T502 
088 |a 60620105 
100 |a La, Minh Tuấn 
245 0 |a So sanh hiệu quả của rau ngổ (Enhydria fluctuans lour) và rau muống (Ipomoea aquatica forts) trong việc cải thiện môi trường và sử dụng làm nguồn thức ăn cho thỏ thịt lai : 
245 0 |b Luận văn Thạc sĩ Chăn nuôi 
245 0 |c La Minh Tuấn ; Nguyễn Thị Hồng Nhân (cán bộ hướng dẫn) 
260 |a Cần Thơ 
260 |b Trường Đại học Cần Thơ 
260 |c 2010 
520 |a Khảo sát khả năng sinh trưởng và cải thiện môi trường của rau Ngổ và rau Muống. So sánh khả năng tăng trưởng Thỏ thịt lai khi ăn rau Ngổ và rau Muống. Khảo sát ảnh hưởng lên dinh dưỡng tiêu hóa. 
650 |a Rabbits,Environmental protection,Animal waste,Bảo vệ môi trường,Chất thải động vật,Thỏ 
650 |x Feeding and feeds,Thức ăn và cho ăn 
904 |i Bạch Trúc 
980 |a Trung tâm Học liệu Trường Đại học Cần Thơ